000
00174nam a22000977a 4500
041
_a
eng
080
_a
80
100
_a
Green, George D.
245
_a
The Juror
999
_c
279997
_d
279997
942
_c
BK